Differential equations with applications. (Record no. 329388)
[ view plain ]
| 000 -LEADER | |
|---|---|
| fixed length control field | 00908nam a22002651 4500 |
| 001 - CONTROL NUMBER | |
| control field | 1223668 |
| 003 - CONTROL NUMBER IDENTIFIER | |
| control field | Nust |
| 005 - DATE AND TIME OF LATEST TRANSACTION | |
| control field | 20170504115302.0 |
| 008 - FIXED-LENGTH DATA ELEMENTS--GENERAL INFORMATION | |
| fixed length control field | 840727s1964 nyua b 000 0 eng |
| 010 ## - LIBRARY OF CONGRESS CONTROL NUMBER | |
| LC control number | 64011184 |
| 040 ## - CATALOGING SOURCE | |
| Original cataloging agency | DLC/ICU |
| Transcribing agency | ICU |
| Modifying agency | DLC |
| 050 00 - LIBRARY OF CONGRESS CALL NUMBER | |
| Classification number | QA371 |
| Item number | .B48 1964 |
| 082 00 - DEWEY DECIMAL CLASSIFICATION NUMBER | |
| Classification number | 515 BUR |
| 100 1# - MAIN ENTRY--PERSONAL NAME | |
| Personal name | Betz, Herman. |
| 245 10 - TITLE STATEMENT | |
| Title | Differential equations with applications. |
| Statement of responsibility, etc. | Herman Betz |
| 250 ## - EDITION STATEMENT | |
| Edition statement | 2d ed. |
| Remainder of edition statement | [by] Herman Betz, Paul B. Burcham [and] George M. Ewing. |
| 260 ## - PUBLICATION, DISTRIBUTION, ETC. | |
| Place of publication, distribution, etc. | New York, |
| Name of publisher, distributor, etc. | Harper & Row |
| Date of publication, distribution, etc. | [1964] |
| 300 ## - PHYSICAL DESCRIPTION | |
| Extent | xi, 354 p. |
| Other physical details | illus. |
| Dimensions | 22 cm. |
| 440 #0 - SERIES STATEMENT/ADDED ENTRY--TITLE | |
| Title | Harper's mathematics series |
| 500 ## - GENERAL NOTE | |
| General note | This ed. prepared by George M. Ewing. |
| 501 ## - WITH NOTE | |
| With note | H.B |
| 504 ## - BIBLIOGRAPHY, ETC. NOTE | |
| Bibliography, etc. note | Includes bibliographies. |
| 650 #0 - SUBJECT ADDED ENTRY--TOPICAL TERM | |
| Topical term or geographic name entry element | Differential equations. |
| 700 1# - ADDED ENTRY--PERSONAL NAME | |
| Personal name | Ewing, George M. |
| Fuller form of name | (George McNaught), |
| Dates associated with a name | 1907- |
| 906 ## - LOCAL DATA ELEMENT F, LDF (RLIN) | |
| a | 7 |
| b | cbc |
| c | orignew |
| d | u |
| e | ocip |
| f | 19 |
| g | y-gencatlg |
| 942 ## - ADDED ENTRY ELEMENTS (KOHA) | |
| Source of classification or shelving scheme | |
| Koha item type | Book |
| Call number prefix | 515 BUR |
| Withdrawn status | Lost status | Source of classification or shelving scheme | Damaged status | Not for loan | Collection code | Permanent Location | Current Location | Shelving location | Date acquired | Total Checkouts | Full call number | Barcode | Date last seen | Price effective from | Koha item type |
|---|---|---|---|---|---|---|---|---|---|---|---|---|---|---|---|
| Institute of Environmental Science and Engineering (IESE) | Institute of Environmental Science and Engineering (IESE) | General Stacks | 05/04/2017 | 515 BUR | IESE-415 | 05/04/2017 | 05/04/2017 | Book |
